Estudios rurales : Teorías, problemas y estrategias metodológicas /

Saved in:
Format: Book
Published: Buenos Aires : La Colmena, 1999
LEADER 00376nam a22001097a 4500
003 AR-BeUNQ
005 20250716160639.0
999 |c 39471  |d 123271 
245 |a Estudios rurales :  |b Teorías, problemas y estrategias metodológicas /  |c Norma Giarracca. 
260 |a Buenos Aires :  |b La Colmena,  |c 1999 
929 |a DONACION  |b Nahuel Rivero  |e 20250227  |f PAT00839769  |g 3788  |l Caja18 carga mínima  |o PR 
942 |c LIB